000 00923nam a2200301 a 4500
001 0011749
003 DO-SdBNP
005 20180213133107.0
007 000011749
008 091027s2005 dr a 000 f spa d
020 _a9945110268
040 _aBPMSU
_bspa
_cBPMSU
092 _aRD863.44
_bA661s
100 1 _aArembilet, Luis,
_d1957-
245 1 3 _aEl secreto de Neguri /
_cLuis Arambilet.
260 _aSanto Domingo :
_bAlfaguara,
_c2005.
300 _a371 p. :
_bil. ;
_c24 cm.
490 _aAfaguara
500 _aIncluye datos biográficos del autor en la solapa de la cubierta
586 _aPremio nacional de novela "Manuel de Jesús Galván 2005"
650 4 _aNOVELA DOMINICANA
650 4 _aLITERATURA DOMINICANA
830 _pAfaguara
910 _aValidado. Control de calidad BNPHU
942 _2ddc
_cBK
945 _aInventariado / 2018 VM
956 _aVMATEO
_b10
_c20150717
_lBPMSU
_h00151
999 _c7972
_d7972